Czech Hospitality and Tourism Papers [Journal for Science and Information]

Salvato in:
Dettagli Bibliografici
Natura: Periodico
Lingua:ceco
slovacco
inglese
Pubblicazione: Praha Czech Hospitality and Tourism Paper
Tags: Aggiungi Tag
Nessun Tag, puoi essere il primo ad aggiungerne!!

MARC

LEADER 00000nls a2200000 4500
001 0307419
005 20260205140114.8
022 |a 2571-0389 
041 0 |a cze 
041 0 |a slo 
041 0 |a eng 
044 |a CZ 
245 1 0 |a Czech Hospitality and Tourism Papers  |b [Journal for Science and Information] 
264 1 |a Praha  |b Czech Hospitality and Tourism Paper